| 000 | 01046cam a2200325 a 4500 | ||
|---|---|---|---|
| 005 | 20260322212014.0 | ||
| 008 | data | ||
| 010 | _a 92162818 | ||
| 020 | _a9781888690507 | ||
| 040 |
_aDLC _cDLC _dDLC |
||
| 050 | 0 | 0 |
_aGV1445 _b.L433 1991 |
| 082 | 0 | 0 |
_a794.1/2 _220 |
| 092 | _a794.1 L433 2006 | ||
| 100 | 1 |
_aLasker, Emanuel, _d1868-1941. |
|
| 245 | 1 | 0 |
_aLasker's manuel of chess / _cEmanuel Lasker. |
| 250 | _a21st Century Edition. | ||
| 260 |
_aLondon : _bFitzhouse Books, _c1991. |
||
| 300 |
_a277 p. : _bill. ; _c23 cm. |
||
| 500 | _a"First published in Germany in 1925; First UK edition 1932"--T.p. verso. | ||
| 500 | _aCover title: Lasker's chess manual. | ||
| 500 | _aIncludes indexes. | ||
| 650 | 0 | _aChess. | |
| 650 | 0 |
_aChess _vCollections of games. |
|
| 740 | 0 | _aLasker's chess manual. | |
| 906 |
_a7 _bcbc _corignew _d3 _encip _f19 _gy-gencatlg |
||
| 922 | _acf | ||
| 991 |
_bc-GenColl _hGV1445 _i.L433 1991 _p00017129065 _tCopy 1 _wBOOKS |
||
| 001 | data | ||
| 999 |
_c309 _d309 |
||